00363nam a2200133Ia 450000500170000000800410001708200130005824500540007126000400012530000180016565000110018365000130019470000220020720240515021917.0240331s9999 xx 000 0 und d bGLOa330 0aGlobalization :bthe Imperial thrust of modernity aMumbaibVikas Adhyayan Kendrac2002 axvi, 117 p ., aSocial aEconomic aKoshy, Ninaneedt